Adolescent Achiever: (Record no. 186621)

MARC details
000 -LEADER
fixed length control field 00565nam a22001817a 4500
005 - DATE AND TIME OF LATEST TRANSACTION
control field 20220310151657.0
010 ## - LCCN (DPL NO)
LC control number ENG-131930
020 ## - INTERNATIONAL STANDARD BOOK NUMBER
International Standard Book Number 9788189901653
Terms of availability 500.00
035 ## - SYSTEM CONTROL NUMBER
System control number EN-115462
037 ## - SOURCE OF ACQUISITION
Source of stock number/acquisition DBAD/PUB
082 ## - DEWEY DECIMAL CLASSIFICATION NUMBER
Classification number 305.2531
100 ## - MAIN ENTRY--PERSONAL NAME
Personal name Murthy, Amritha
245 ## - TITLE STATEMENT
Title Adolescent Achiever:
Remainder of title A Psycho-Social Profile/
Statement of responsibility, etc Amritha Murthy
260 ## - PUBLICATION, DISTRIBUTION, ETC. (IMPRINT)
Place of publication, distribution, etc Delhi
Name of publisher, distributor, etc Academic Excellence
Date of publication, distribution, etc 2008
270 ## - ADDRESS
Address 42,Ekta Apartment Geeta Colony
City Delhi
Postal code 110031
300 ## - PHYSICAL DESCRIPTION
Extent v,190p.
Other physical details Bibliography,Index
Dimensions 22cm(hbk)
942 ## - ADDED ENTRY ELEMENTS (KOHA)
Source of classification or shelving scheme Dewey Decimal Classification
Item type English Books
Classification part 305.2531
Call number suffix MUR
Holdings
Withdrawn status Lost status Not for loan Collection code Home library Current library Date acquired Source of acquisition Cost, normal purchase price Full call number Barcode Copy number Cost, replacement price Koha item type
      Non-fiction Central Library Central Library 10/03/2022 DBAD/PUB 500.00 305.2531 MUR EN-115462 1 500.00 English Books

© Delhi Public Library
Hit Counter
free hit counter